| 000 | 00930cam a2200277 a 4500 | ||
|---|---|---|---|
| 001 | 3523774 | ||
| 003 | OSt | ||
| 005 | 20140310182059.0 | ||
| 008 | 960304s1997 ilua f 001 0 eng | ||
| 010 | _a 96012466 | ||
| 020 | _a0844257990 (softbound) | ||
| 040 |
_aDLC _cDLC _dDLC |
||
| 050 | 0 | 0 |
_aTR 146 _b.Sch33 1997 |
| 082 |
_aHS 771 _bS33 1993 |
||
| 100 | 1 |
_aSchaub, George. _912577 |
|
| 245 | 1 | 4 |
_aThe art & craft of black & white photography / _cGeorge Schaub. |
| 246 | 3 | _aArt and craft of black and white photography | |
| 260 |
_aLincolnwood, Ill. : _bNTC Pub. Group, _cc1997. |
||
| 300 |
_a145 p. : _bill. some col. ; _c28 cm. |
||
| 500 | _aIncludes index. | ||
| 650 | 0 |
_aPhotography _xAmateurs' manuals. _912578 |
|
| 906 |
_a7 _bcbc _corignew _d1 _eocip _f19 _gy-gencatlg |
||
| 942 | _2lcc | ||
| 999 |
_c9145 _d9145 |
||